01010mam a22002894a 45000010008000000030004000080050017000120080041000290100017000700200015000870350023001020380012001250400013001370420008001500500022001580820020001802450067002002600037002673000051003045040051003555630015004066500065004216500053004867000019005398560075005588560087006333306484OSt20210806115630.0020703s2002 nyuab bf 001 0 eng  a 2002029370 a0071371605 a(OCoLC)ocm50155485 akhadija aDLCcDLC apcc00aTD345b.U727 200200a363.61221bURB00aUrban Water Supply Handbook /cLarry W. Mays, editor-in-chief. aNew York :bMcGraw-Hill,cc2002. a1 v. (various pagings) :bill., maps ;c24 cm. aIncludes bibliographical references and index. aHARD COVER 0aMunicipal water supplyxManagementvHandbooks, manuals, etc. 0aWater-supplyxPlanningvHandbooks, manuals, etc.1 aMays, Larry W.413Table of contentsuhttp://www.loc.gov/catdir/toc/mh023/2002029370.html423Publisher descriptionuhttp://www.loc.gov/catdir/description/mh024/2002029370.html